|
|
|
|
| LEADER |
01679nam a2200409 i 4500 |
| 001 |
EBC6357740 |
| 003 |
MiAaPQ |
| 005 |
20210224150146.0 |
| 006 |
m o d | |
| 007 |
cr cnu|||||||| |
| 008 |
210224s2020 enk o 000 0 eng d |
| 020 |
|
|
|z 9781839091803
|
| 020 |
|
|
|a 9781839091797 (e-book)
|
| 035 |
|
|
|a (MiAaPQ)EBC6357740
|
| 035 |
|
|
|a (Au-PeEL)EBL6357740
|
| 035 |
|
|
|a (OCoLC)1202463464
|
| 040 |
|
|
|a MiAaPQ
|b eng
|e rda
|e pn
|c MiAaPQ
|d MiAaPQ
|
| 050 |
|
4 |
|a HC21
|b .R474 2020
|
| 082 |
0 |
|
|a 330.9
|2 23
|
| 245 |
0 |
0 |
|a Research in economic history /
|c edited by Christopher Hanes and Susan Wolcott.
|
| 264 |
|
1 |
|a Bingley, England :
|b Emerald Publishing,
|c [2020]
|
| 264 |
|
4 |
|c 2020
|
| 300 |
|
|
|a 1 online resource (225 pages).
|
| 336 |
|
|
|a text
|b txt
|2 rdacontent
|
| 337 |
|
|
|a computer
|b c
|2 rdamedia
|
| 338 |
|
|
|a online resource
|b cr
|2 rdacarrier
|
| 490 |
1 |
|
|a Research in economic history (Series) ;
|v Volume 36
|
| 588 |
|
|
|a Description based on print version record.
|
| 590 |
|
|
|a Electronic reproduction. Ann Arbor, MI : ProQuest, 2018. Available via World Wide Web. Access may be limited to ProQuest affiliated libraries.
|
| 650 |
|
0 |
|a Economic history.
|
| 655 |
|
4 |
|a Electronic books.
|
| 700 |
1 |
|
|a Hanes, Christopher,
|e editor.
|
| 700 |
1 |
|
|a Wolcott, Susan,
|e editor.
|
| 776 |
0 |
8 |
|i Print version:
|t Research in economic history.
|d Bingley, England : Emerald Publishing, c2020
|h 225 pages
|k Research in economic history (Series) ; Volume 36.
|z 9781839091803
|
| 797 |
2 |
|
|a ProQuest (Firm)
|
| 830 |
|
0 |
|a Research in economic history (Series) ;
|v Volume 36.
|
| 856 |
4 |
0 |
|u https://ebookcentral.proquest.com/lib/matrademy/detail.action?docID=6357740
|z Click to View
|